| 000 | 00411nam a22001577a 4500 | ||
|---|---|---|---|
| 020 | _a9879494962 | ||
| 080 | _a929 (82) Es 61 | ||
| 100 | _aLOmbardo, Jorge L (Comp). | ||
| 245 |
_aEl espacio dwe Bronzini _buna aproximacion a sus ideas y su obra |
||
| 260 |
_aMar del Plata _bSuarez _c2006 |
||
| 300 | _a213 P. | ||
| 650 | _xTeodoro Bronzini | ||
| 650 | _xBiografia | ||
| 945 |
_acd _d2014-12-22 |
||
| 999 |
_c3471 _d233975 |
||
| 942 | _6_ | ||